| 000 | 00892nam a2200277 a 4500 | ||
|---|---|---|---|
| 001 | 52920 | ||
| 003 | BD-RjUL | ||
| 005 | 20211209075900.0 | ||
| 008 | 780622s1978 ctua b 001 0 eng | ||
| 020 | _a087055252X | ||
| 035 | _a(BD-RjUL)53040 | ||
| 040 |
_aDLC _cDLC _dDLC _dBD-RjUL _beng |
||
| 041 | _aeng | ||
| 082 | 0 | 0 |
_a631.3 _223 _bKEP 2000 |
| 100 | 1 |
_aKepner, Robert Allen, _d1915- _9158206 |
|
| 245 | 1 | 0 |
_aPrinciples of farm machinery / _cR. A. Kepner, Roy Bainer, and E. L. Barger. |
| 250 | _a3d ed. | ||
| 260 |
_aNew Delhi : _bAvi Pub. Co., _cc1978 [reprint 2000] |
||
| 300 |
_axi, 527 p. : _bill. ; _c24 cm. |
||
| 504 | _aIncludes bibliographies and index. | ||
| 650 | 0 |
_aAgricultural machinery. _9158207 |
|
| 700 | 1 |
_aBainer, Roy, _d1902- _ejoint author. _9158208 |
|
| 700 | 1 |
_aBarger, E. L. _q(Edgar Lee), _ejoint author. _9158209 |
|
| 942 |
_2ddc _cBK |
||
| 999 |
_c52920 _d52920 |
||